¿El principio in dubio pro operario se encuentra vigente o fue derogado por la Ley de Bases? / (Registro nro. 6578)
[ vista simple ]
| 000 -LEADER | |
|---|---|
| fixed length control field | 01239nab a22002417a 4500 |
| 003 - CONTROL NUMBER IDENTIFIER | |
| control field | OSt |
| 005 - DATE AND TIME OF LATEST TRANSACTION | |
| control field | 20260225131848.0 |
| 008 - FIXED-LENGTH DATA ELEMENTS--GENERAL INFORMATION | |
| fixed length control field | 190506c xxu||||| |||| 00| 0 spa d |
| 040 ## - CATALOGING SOURCE | |
| Transcribing agency | PJ |
| 100 ## - MAIN ENTRY--PERSONAL NAME | |
| 9 (RLIN) | 4448 |
| Personal name | Medici, Silvia D. |
| 245 13 - TITLE STATEMENT | |
| Title | ¿El principio in dubio pro operario se encuentra vigente o fue derogado por la Ley de Bases? / |
| Statement of responsibility, etc | Silvia D. Medici. |
| 260 ## - PUBLICATION, DISTRIBUTION, ETC. (IMPRINT) | |
| Place of publication, distribution, etc | Buenos Aires : |
| Name of publisher, distributor, etc | AbeledoPerrot, |
| Date of publication, distribution, etc | 2025. |
| 300 ## - PHYSICAL DESCRIPTION | |
| Extent | p. 7-16 |
| 500 ## - GENERAL NOTE | |
| General note | Cita: TR LALEY AR/DOC/540/2025. |
| 505 ## - FORMATTED CONTENTS NOTE | |
| Formatted contents note | Sumario: I. Introducción.— II. Principio in dubio pro operario: doctrinas a favor y en contra. Interpretación y vigencia.— III. La Ley de Bases, su reglamentación, los derechos del trabajador y la vigencia del principio in dubio pro operario. — IV. Nuestra postura.— V. Conclusiones.— VI. Bibliografía. |
| 505 ## - FORMATTED CONTENTS NOTE | |
| Title | ¿Te interesa el texto completo? Comunicate al correo: koha@justierradelfuego.gov.ar |
| 650 #0 - SUBJECT ADDED ENTRY--TOPICAL TERM | |
| 9 (RLIN) | 1316 |
| Topical term or geographic name as entry element | DERECHO LABORAL |
| 650 #0 - SUBJECT ADDED ENTRY--TOPICAL TERM | |
| 9 (RLIN) | 1514 |
| Topical term or geographic name as entry element | PROCEDIMIENTO LABORAL |
| 650 #0 - SUBJECT ADDED ENTRY--TOPICAL TERM | |
| 9 (RLIN) | 1462 |
| Topical term or geographic name as entry element | CONFLICTOS COLECTIVOS DE TRABAJO |
| 650 #0 - SUBJECT ADDED ENTRY--TOPICAL TERM | |
| 9 (RLIN) | 1539 |
| Topical term or geographic name as entry element | IN DUBIO PRO OPERARIO |
| 773 0# - HOST ITEM ENTRY | |
| Host Biblionumber | 2751 |
| Host Itemnumber | 3202 |
| Place, publisher, and date of publication | Buenos Aires : AbeledoPerrot, 2013- |
| Title | Revista de derecho laboral y seguridad social. Nº 8 - Abril 2025 |
| 942 ## - ADDED ENTRY ELEMENTS (KOHA) | |
| Source of classification or shelving scheme | |
| Koha item type | Analítica Artículo de Revista |
No hay ítems disponibles.
